Leyendo monitos : un estudio de la recepción de la caricatura política en México /

Furkejuvvon:
Bibliográfalaš dieđut
Váldodahkki: Sheets, Ruby Abigail (autor)
Materiálatiipa: Oahppočájánas Girji
Giella:espánnjágiella
Fáttát:
Fáddágilkorat: Lasit fáddágilkoriid
Eai fáddágilkorat, Lasit vuosttaš fáddágilkora!

MARC

LEADER 00000nam^a2200000^a^4500
001 000189030
005 20250521000000.0
009 20260310102400.896
037 |a Acervo ITESO - Biblioteca 
041 |a ESP 
090 |a MCD. 31 
100 |a Sheets, Ruby Abigail  |e (autor) 
245 1 0 |a Leyendo monitos :  |b un estudio de la recepción de la caricatura política en México /  |c R.A. Sheets. 
264 |a Guadalajara, México :  |b edición de autor,  |c 2006 
300 |a 1 disco compacto de computadora 
336 |a datos para computadora  |b cod  |2 rdacontenido 
337 |a computadora  |b c  |2 rdamedio 
338 |a disco de computadora  |b cd  |2 rdasoporte 
502 |a ITESO Tesis de Maestría en Comunicación, Especialidad en Difusión de la Ciencia y la Cultura 
530 |a Existe una edición en formato impreso con el mismo título 
649 |a XX 
650 |a Recepción y Apropiación de la Comunicación -  |z México 
650 |a Proceso de Comunicación 
650 |a Caricaturas Políticas -  |z México -  |x Historia y Crítica -  |x Tema Principal 
650 |a Prensa -  |z México 
650 |a Medios Impresos -  |z México 
650 |a Medios de Comunicación -  |z México 
650 |a Comunicación Masiva -  |z México 
650 |a Comunicación y Política -  |z México 
650 |a Sociología de la Comunicación 
650 |a Sociología de la Cultura 
650 |a Política -  |z México -  |x Historia 
910 |a Fondo General 
920 |a Electrónicos - Tesis del ITESO en Disco 
905 |a 202 
901 |a 0500131862  |b IT2  |c STS  |u 20250521 
902 |a https://opac.biblio.iteso.mx/vufind/Record/000189030